000
00292nam a2200121Ia 4500
005
20251222152031.0
008
251222s9999||||xx |||||||||||||| ||spa||
082
_a
303.448.5/A35
100
_a
"Alarco, Eugenio"
245
0
_a
La rebelión de los ejecutivos
264
_b
Palabra
942
_c
LIB
999
_c
25671
_d
25671